[Event "Aurora Spring op"]
[Site "Aurora"]
[Date "2017.04.01"]
[Round "3.3"]
[White "Kang, Dorian"]
[Black "Calvelo, Jelvis"]
[Result "0-1"]
[WhiteElo "1623"]
[BlackElo "2020"]
[PlyCount "38"]
[EventDate "2017.04.01"]
[EventType "swiss"]
[EventRounds "5"]
[EventCountry "CAN"]
[SourceTitle "EXT 2022"]
[Source "ChessBase"]
[SourceDate "2021.10.06"]
[SourceVersion "1"]
[SourceVersionDate "2021.10.06"]
[SourceQuality "1"]

1. c4 e5 2. Nc3 f5 3. d4 e4 4. e3 Nf6 5. Nge2 c6 6. Qb3 a6 7. a4 a5 8. c5 d5 9. cxd6 Bxd6 10. Ng1 Na6 11. Bc4 Qe7 12. Bd2 Nb4 13. 0-0-0 Bd7 14. f3 Rb8 15. Nh3 b5 16. axb5 cxb5 17. Be2 a4 18. Nxa4 bxa4 19. Qc3 Na2+ 0-1

[Event "Aurora Spring op"]
[Site "Aurora"]
[Date "2017.04.01"]
[Round "1.1"]
[White "Yang, Kaiqi"]
[Black "Calvelo, Jelvis"]
[Result "1-0"]
[WhiteElo "2415"]
[BlackElo "2020"]
[PlyCount "77"]
[EventDate "2017.04.01"]
[EventType "swiss"]
[EventRounds "5"]
[EventCountry "CAN"]
[SourceTitle "EXT 2022"]
[Source "ChessBase"]
[SourceDate "2021.10.06"]
[SourceVersion "1"]
[SourceVersionDate "2021.10.06"]
[SourceQuality "1"]

1. d4 Nf6 2. Bf4 d6 3. Nf3 Nbd7 4. e3 e6 5. Bd3 Nh5 6. Nbd2 Nxf4 7. exf4 c5 8. f5 exf5 9. Bxf5 Qe7+ 10. Qe2 Qxe2+ 11. Kxe2 g6 12. Bd3 Bg7 13. Ne4 0-0 14. Nxd6 cxd4 15. Bc4 Nc5 16. Ng5 Be6 17. Nxe6 Nxe6 18. Bxe6 fxe6 19. Rad1 Rad8 20. Ne4 Rd5 21. Kd3 b5 22. Rhe1 Rc8 23. Ra1 Rc6 24. Re2 Kf7 25. f4 h6 26. a3 a5 27. a4 b4 28. g4 Bf8 29. Rf1 Be7 30. Ref2 Bh4 31. Rf3 Be7 32. Rh1 Rd8 33. h4 Rd5 34. h5 Bf8 35. Rfh3 Rd8 36. hxg6+ Kxg6 37. Rh5 Rdc8 38. R1h2 b3 39. cxb3 1-0

[Event "Toronto Hart House Holidays op"]
[Site "Toronto"]
[Date "2016.12.17"]
[Round "2"]
[White "Plotkin, Victor"]
[Black "Calvelo, Jelvis"]
[Result "1-0"]
[WhiteElo "2405"]
[BlackElo "2206"]
[PlyCount "45"]
[EventDate "2016.12.16"]
[EventType "swiss"]
[EventRounds "5"]
[EventCountry "CAN"]
[SourceTitle "EXT 2022"]
[Source "ChessBase"]
[SourceDate "2021.10.06"]
[SourceVersion "1"]
[SourceVersionDate "2021.10.06"]
[SourceQuality "1"]

1. e4 e6 2. d4 d5 3. exd5 exd5 4. Nf3 Nf6 5. Bd3 Bg4 6. 0-0 Be7 7. c3 0-0 8. Nbd2 c6 9. Re1 Bd6 10. Nf1 Re8 11. Bg5 Rxe1 12. Qxe1 Nbd7 13. Ne5 Bh5 14. f4 h6 15. Bh4 Nf8 16. Ne3 Bg6 17. f5 Bh7 18. N3g4 Be7 19. Nxh6+ gxh6 20. Qg3+ Ng6 21. fxg6 fxg6 22. Bxg6 Ng4 23. Qxg4 1-0

[Event "Montreal op"]
[Site "Montreal"]
[Date "2016.09.09"]
[Round "1"]
[White "Gauthier, Denis"]
[Black "Calvelo, Jelvis"]
[Result "0-1"]
[WhiteElo "1851"]
[BlackElo "2019"]
[PlyCount "77"]
[EventDate "2016.09.09"]
[EventType "swiss"]
[EventRounds "5"]
[EventCountry "CAN"]
[SourceTitle "CBM 174 Extra"]
[Source "ChessBase"]
[SourceDate "2016.10.10"]
[SourceVersion "1"]
[SourceVersionDate "2016.10.10"]
[SourceQuality "1"]

1. d4 Nf6 2. c4 c5 3. d5 e6 4. Nf3 exd5 5. cxd5 d6 6. Nc3 g6 7. Bf4 a6 8. a4 Bg7 9. e3 Nh5 10. Bg5 Qa5 11. Qd2 h6 12. Bh4 g5 13. Bg3 Nxg3 14. hxg3 Nd7 15. Bd3 Ne5 16. Nxe5 Bxe5 17. 0-0 g4 18. Qc2 h5 19. Bf5 Qd8 20. Bxc8 Rxc8 21. Qf5 Qd7 22. Qg5 Qe7 23. Qf5 Kd8 24. Rac1 Qd7 25. Qg5+ Kc7 26. e4 Rcg8 27. Qe3 h4 28. Ne2 Kb8 29. b4 cxb4 30. Qb6 hxg3 31. Nxg3 Bc3 32. Nf5 Rg6 33. g3 Rh5 34. Kg2 Rxf5 35. exf5 Qxf5 36. a5 Qxd5+ 37. Kg1 Qc5 38. Qd8+ Qc8 39. Qe7 0-1

[Event "Penang op 7th"]
[Site "Penang"]
[Date "2015.12.10"]
[Round "6"]
[White "Calvelo, Jelvis"]
[Black "Marohom, De Leon Jr"]
[Result "1/2-1/2"]
[WhiteElo "2090"]
[BlackElo "2249"]
[PlyCount "25"]
[EventDate "2015.12.07"]
[EventType "swiss"]
[EventRounds "9"]
[EventCountry "MAS"]
[SourceTitle "CBM 169 Extra"]
[Source "ChessBase"]
[SourceDate "2015.12.18"]
[SourceVersion "1"]
[SourceVersionDate "2015.12.18"]
[SourceQuality "1"]

1. e4 e5 2. Nf3 Nc6 3. Bc4 Nf6 4. Nc3 Bb4 5. d3 0-0 6. Bg5 h6 7. Bh4 Re8 8. 0-0 g5 9. Nxg5 hxg5 10. Bxg5 Be7 11. Bxf6 Bxf6 12. Qh5 Re6 13. f4 1/2-1/2

[Event "Penang op 6th"]
[Site "Penang"]
[Date "2014.12.09"]
[Round "3"]
[White "Calvelo, Jelvis"]
[Black "Pereira, Johnharry"]
[Result "1-0"]
[WhiteElo "2081"]
[BlackElo "1792"]
[PlyCount "91"]
[EventDate "2014.12.08"]
[EventType "swiss"]
[EventRounds "9"]
[EventCountry "MAS"]
[SourceTitle "CBM 163 Extra"]
[Source "ChessBase"]
[SourceDate "2014.12.23"]
[SourceVersion "1"]
[SourceVersionDate "2014.12.23"]
[SourceQuality "1"]

1. c4 Nf6 2. Nc3 e6 3. Nf3 d5 4. d4 Be7 5. Bg5 0-0 6. e3 h6 7. Bh4 b6 8. cxd5 exd5 9. Ne5 Bb7 10. Rc1 c5 11. Bd3 Nbd7 12. Nxd7 Qxd7 13. 0-0 c4 14. Bb1 b5 15. a3 Ne4 16. Bxe7 Nxc3 17. Qc2 Nxb1 18. Bxf8 Rxf8 19. Rxb1 Rc8 20. Qc3 f5 21. Qa5 a6 22. a4 bxa4 23. Ra1 Bc6 24. f3 Bb5 25. Rf2 Re8 26. Re1 f4 27. exf4 Rxe1+ 28. Qxe1 Qf5 29. Qc3 Qb1+ 30. Rf1 Qa2 31. Re1 Qb3 32. Re3 Qxc3 33. Rxc3 Kf7 34. Re3 Kf6 35. g4 g6 36. Kf2 Bd7 37. Ke1 Bc6 38. Kd2 h5 39. Kc3 a5 40. Re5 hxg4 41. fxg4 Kf7 42. h4 Kf6 43. h5 gxh5 44. Rxh5 Kg7 45. f5 Be8 46. f6+ 1-0

[Event "Penang op-A 5th"]
[Site "Penang"]
[Date "2013.12.09"]
[Round "1"]
[White "Yeo, Ruizhi Carwyn"]
[Black "Calvelo, Jelvis"]
[Result "0-1"]
[WhiteElo "1612"]
[BlackElo "2106"]
[PlyCount "125"]
[EventDate "2013.12.09"]
[EventType "swiss"]
[EventRounds "9"]
[EventCountry "MAS"]
[SourceTitle "CBM 157 Extra"]
[Source "ChessBase"]
[SourceDate "2013.12.19"]
[SourceVersion "1"]
[SourceVersionDate "2013.12.19"]
[SourceQuality "1"]

1. e4 e6 2. Nf3 d5 3. Nc3 d4 4. Ne2 c5 5. Ng3 Nc6 6. Bc4 g6 7. d3 b5 8. Bb3 Na5 9. 0-0 Nxb3 10. axb3 Bg7 11. Ne1 Ne7 12. f4 0-0 13. Bd2 f5 14. Nf3 Nc6 15. Qe2 Re8 16. Rae1 Bd7 17. Qf2 b4 18. Bc1 a5 19. Nd2 a4 20. bxa4 Rxa4 21. Nc4 Qc7 22. e5 Ne7 23. Bd2 Nd5 24. Ne2 Bf8 25. Kh1 Bb5 26. Ra1 Rea8 27. Rxa4 Rxa4 28. Qh4 Be7 29. Qg3 Bxc4 30. dxc4 Nb6 31. b3 Ra2 32. Qd3 Qb7 33. Ng3 Bh4 34. Re1 Bxg3 35. hxg3 Qa8 36. Kg1 Ra1 37. Kf2 Rxe1 38. Bxe1 Qe4 39. Kf1 Nd7 40. Kf2 Nb8 41. Qe2 Nc6 42. Kf1 Kf7 43. Qf3 Ne7 44. Qe2 Ng8 45. Qd3 Nh6 46. Qxe4 fxe4 47. Ke2 Ng4 48. Bd2 h5 49. Kf1 g5 50. Ke2 Nh6 51. fxg5 Nf5 52. Bf4 Kg6 53. Kd2 Ne7 54. Ke2 Kf5 55. Kf2 Ng6 56. Ke2 Nh8 57. Bd2 Nf7 58. g4+ hxg4 59. g3 e3 60. Be1 Nxe5 61. g6 Kxg6 62. Kd1 Kf5 63. Ke2 0-1